00533 a2200157 450000500170000002000190001708200160003610000140005224500470006626000460011330000160015970000190017594200130019499900150020795201530022220250629141122.0 a97818800242050 a823.914 TUR aTURNEY, S aMasters od Rome: Rise of Emperors Book two aUnited KingdomsbHead of Zeus Ltdc20121. a403p.c19cm aGordon Doherty 2ddccBKS c6390d6390 r2025-06-29 14:12:33l0o823.914 TURpMZA0002951v90000.00w2025-06-29yBKS102ddc407000a003b003cGENd2020-06-20eDonation from TLSBg30000.00